Catálogo

Historia mínima de Argentina / (Registro nro. 54794)

Detalles MARC
000 -LEADER
fixed length control field 01109cam a2200325 i 4500
001 - CONTROL NUMBER
control field 54794
003 - CONTROL NUMBER IDENTIFIER
control field Mx-PuUPA
005 - DATE AND TIME OF LATEST TRANSACTION
control field 20260317095220.0
008 - FIXED-LENGTH DATA ELEMENTS--GENERAL INFORMATION
fixed length control field 140415s2014 mx ab gr 000 0 spa d
020 ## - INTERNATIONAL STANDARD BOOK NUMBER
International Standard Book Number 9786074625318
040 ## - CATALOGING SOURCE
Transcribing agency Mx-PuUPA
Original cataloging agency Mx-PuUPA
Language of cataloging spa
Modifying agency Mx-PuUPA
Description conventions rda
041 0# - LANGUAGE CODE
Language code of text/sound track or separate title spa
043 ## - GEOGRAPHIC AREA CODE
Geographic area code s-ag---
245 00 - TITLE STATEMENT
Title Historia mínima de Argentina /
Statement of responsibility, etc. Pablo Yankelevich, coordinador ; Raúl Mandrini [ y otros seis]
250 ## - EDITION STATEMENT
Edition statement Primera edición
264 #1 - PRODUCTION, PUBLICATION, DISTRIBUTION, MANUFACTURE, AND COPYRIGHT NOTICE
Place of production, publication, distribution, manufacture México, D.F. :
Name of producer, publisher, distributor, manufacturer El Colegio de México,
Date of production, publication, distribution, manufacture, or copyright notice 2014
300 ## - PHYSICAL DESCRIPTION
Extent 395 páginas :
Other physical details ilustraciones, mapas ;
Dimensions 21 cm
336 ## - CONTENT TYPE
Fuente rdacontent
Content type term texto
Content type code txt
336 ## - CONTENT TYPE
Fuente rdacontent
Content type term imagen fija
Content type code sti
337 ## - MEDIA TYPE
Source rdamedia
Media type term sin medio
Media type code n
338 ## - CARRIER TYPE
Source rdacarrier
Carrier type term volumen
Carrier type code nc
490 0# - SERIES STATEMENT
Series statement Historia mínima
651 #4 - SUBJECT ADDED ENTRY--GEOGRAPHIC NAME
Geographic name Argentina
General subdivision Historia
700 1# - ADDED ENTRY--PERSONAL NAME
Personal name Yankelevich, Pablo,
Relator term coordinador
9 (RLIN) 17918
700 1# - ADDED ENTRY--PERSONAL NAME
Personal name Mandrini, Raúl,
Relator term autor
942 ## - ADDED ENTRY ELEMENTS (KOHA)
Source of classification or shelving scheme Dewey Decimal Classification
Koha item type Libro
Classification part 982
Item part H67
Existencias
Withdrawn status Lost status Source of classification or shelving scheme Damaged status Not for loan Collection code Home library Current library Shelving location Date acquired Source of acquisition Total Checkouts Full call number Barcode Date last seen Date last checked out Price effective from Koha item type
    Dewey Decimal Classification     General Biblioteca Karol Wojtyla Biblioteca Karol Wojtyla Sala general 03/12/2013 Donación 1 982 H67 2014 62658 06/04/2026 18/03/2026 03/12/2013 Libro